Who Will Guard the Guardians?
| Titel: | Who Will Guard the Guardians? |
|---|---|
| Verfasser: | |
| In: |
East central Europe, Band 28, Heft 1 (2001), Seite 161-166 alle Artikel anzeigen |
| Veröffentlicht: | 2001 |
| Format: | Aufsatz |
| Sprache: | Englisch |
X
alg: 39504358 001A $01999:12-11-16 001B $01999:04-08-21 $t21:02:58.000 001C $06050:19-11-16 $t08:42:08.000 001D $01999:12-11-16 001U $0utf8 001X $00 002@ $0Aox 003@ $0395043581 007A $0395043581 $aHEB 007T $0Herd39232 010@ $aeng 011@ $a2001 021A $aWho Will Guard the Guardians? 028A $aLaki $dMohály 031A $d28 $e1 $h161-166 $j2001 039B $aIn $8--Abvc--. East central Europe. - Leiden : Brill, 1974-. - ISSN 0094-3037 $x200100000280001839 $9047226099 039T $8--Aax--. The @Governance of Privatization Funds. - Northhampton, Mass. : Edward Elgar, 1999. - 194 S.. - Tab.. - ISBN 1-84064-013-8 $9395374626 045F $a900.94371 $eDDC23BSB 045F/01 $a900 045F/03 $g4371 045F/03 $g4385 045T $a7,41 lok: 39504358 78 exp: 39504358 78 1 #EPN 201B/01 $026-11-17 $t03:55:19.000 201U/01 $0utf8 203@/01 $0791342190 208@/01 $a12-11-16 $be 209A/01 $a/ $f000 $x00 220C/01 $aTitelaufnehmer: cs 244Z/01 $#Tschechien $#Tschechische Republik $#Tschechische Republik $#Tschechenland $#Tschechei Tschechien $#Česká Republika $#Czech Republic $#ČR $74303381-7 $8--Tg1--Tschechien $x01 $9086659812 244Z/01 $2Trx $#Böhmen $#Bohemia $#Czechy $8--Trx--Čechy $x02 $9391188941 244Z/01 $2Trx $#Silesia $#Śląsk $#Sliezsko $#Slezsko $8--Trx--Schlesien $x03 $9391173987 244Z/01 $2Trx $#arvustused $#recenzijos $#Reviews $#recenziók $#recenzje $#recenzie $#recenze $8--Trx--Rezensionen $x04 $9391357441 247C/01 $82080>Marburg/Lahn, Herder-Institut, Forschungsbibliothek, Bibliographieportal $9336309341
| LEADER | 00000caa a22000002c 4500 | ||
|---|---|---|---|
| 001 | 395043581 | ||
| 003 | DE-603 | ||
| 005 | 20210804210258.0 | ||
| 007 | tu | ||
| 008 | 161112s2001 xx |||| | u00||u|eng c | ||
| 035 | |a (DE-599)HEB395043581 | ||
| 040 | |a DE-603 |b ger |c DE-603 |d DE-603 | ||
| 041 | |a eng | ||
| 082 | 0 | 4 | |8 1\u |a 900.94371 |q DE-101 |2 23/BSB |
| 084 | |a 7,41 |2 ssgn | ||
| 085 | |8 1\u |b 900 | ||
| 085 | |8 1\u |z 2 |s 4371 | ||
| 085 | |8 1\u |z 2 |s 4385 | ||
| 100 | 1 | |a Laki, Mohály | |
| 245 | 0 | 0 | |a Who Will Guard the Guardians? |
| 264 | 0 | |c 2001 | |
| 773 | 0 | 8 | |i In |t East central Europe |d Leiden : Brill, 1974- |h 24 cm |x 0094-3037 |g Band 28, Heft 1 (2001), Seite 161-166 |w (DE-603)047226099 |w (DE-600)190826-1 |
| 787 | 0 | 8 | |i Rezension von |t The Governance of Privatization Funds |d Northhampton, Mass. : Edward Elgar, 1999 |h 194 S., Tab. |z 1840640138 |w (DE-603)395374626 |
| 924 | 0 | |9 2080 |a (DE-603)791342190 |b DE-2080 |c HES |d d |g / | |


